Empiricism, explanation and rationality : an introduction to the philosophy of the social sciences (Record no. 160136)

MARC details
000 -LEADER
fixed length control field 00625nam a2200205Ia 4500
008 - FIXED-LENGTH DATA ELEMENTS--GENERAL INFORMATION
fixed length control field 191130s2008##################000#0#eng##
020 ## - INTERNATIONAL STANDARD BOOK NUMBER
ISBN 9780415474573
082 ## - DEWEY DECIMAL CLASSIFICATION NUMBER
Classification number 300 DOY
100 ## - MAIN ENTRY--AUTHOR NAME
Personal name Doyal, Len
245 ## - TITLE STATEMENT
Title Empiricism, explanation and rationality : an introduction to the philosophy of the social sciences
Statement of responsibility, etc Len Doyal; Roger Harris
260 ## - PUBLICATION, DISTRIBUTION, ETC. (IMPRINT)
Place of publication New York
Name of publisher Routledge
Year of publication 2008
300 ## - PHYSICAL DESCRIPTION
Number of Pages xi, 200p
500 ## - GENERAL NOTE
General note Includes index
650 ## - SUBJECT ADDED ENTRY--TOPICAL TERM
Topical Term Social sciences -- Philosophy
700 ## - ADDED ENTRY--PERSONAL NAME
Personal name Harris, Roger
991 ## -
-- 183587
Holdings
Withdrawn status Lost status Damaged status Not for loan Home library Current library Shelving location Date acquired Full call number Accession Number Price effective from Koha item type
        Anna Centenary Library Anna Centenary Library 3RD FLOOR, B WING 12.10.2020 300 DOY 149244 12.10.2020 English Books

Find us on the map